00685nam a2200241 a 4500001001300000003000900013005001700022008004100039020001000080082001600090100001400106245003300120260004100153300000900194500003500203650002500238650001700263700001400280902000800294942000700302952011700309999001700426nice12345678IN_TiNIC20260116014457.0050802s2003 dela grp 000 0 eng  ac65000a303.66bWAS aWaseem, M aOn Becoming an Indian Muslim aDelhibOxford University Pressc2003 a355p aincludes index and biblioraphy aNational Integration aPeace-Making1 aWaseem, M bSRS cBK 001040708StackRoom-aHMIbHMId2013-07-23g650.00l0o303.66 WASp021846r2013-07-23v650.00w2005-08-02yBK c15534d15534